La Autonomía de la Universidad de Barcelona
Descripción Física:
86 p. ; 23 cm
MARC
| LEADER | 00000nam a2200000Ia 4500 | ||
|---|---|---|---|
| 001 | 8121 | ||
| 008 | 160829s1935 xx 000 0 cat d | ||
| 080 | |a E-1-80 | ||
| 110 | 2 | |a Universitat de Barcelona |9 51297 | |
| 245 | |a La Autonomía de la Universidad de Barcelona | ||
| 260 | |a Barcelona : |b [s.n.], |c 1935 | ||
| 300 | |a 86 p. ; |c 23 cm | ||
| 650 | |a Universitat de Barcelona | ||
| 650 | |a Autonomia universitària |9 30440 | ||
| 901 | |a Arxiu | ||
| 942 | |n 1 | ||
| 952 | |0 0 |1 0 |4 0 |6 E180 |7 1 |9 45422 |a Arxiu |b Arxiu |d 2016-12-01 |l 0 |o E-1-80 |p 8121 |r 2016-12-01 00:00:00 |w 2016-12-01 |y ARXIU | ||
| 999 | |c 48529 |d 48529 | ||